000 00515nam a2200169Ia 4500
003 GCL
008 140319s9999 xx 000 0 ara d
040 _aGCL /
_cGCL
082 0 4 _a214.27
_bخ م
100 1 _aخالد محمد خالد
245 1 0 _aمعا على الطريق محمد والمسيح /
_cخالد محمد خالد
260 _aالقاهرة :
_bدار ثابت
300 _a191 ص ؛
_c24 سم
650 0 4 _aالاسلام
650 0 4 _aالاسلام والمسيحية
942 _2ddc
_cBK
999 _c48053
_d48053